000 01070nam a2200289 i 4500
001 bg
100 1 _aPEŁA, Ryszard.
245 1 0 _aProjektowanie konstrukcji murowych i stropów w budownictwie tradycyjnym.
_nCz. 2,
_pKonstrukcje murowe niezbrojone /
_cRyszard Peła.
250 _aWyd. 2.
260 _aŁódź :
_bWydaw. PŁ,
_c2004.
300 _a154 s. :
_brys., tab., wykr. ;
_c23 cm.
490 1 _aPodręczniki Akademickie / Politechnika Łódzka
500 _aAut. cz. 1: Czesław Malinowski, Ryszard Peła. Na grzb. kolejny nr wydawnictw PŁ: 1082.
504 _aBibliogr. s. 147-148, wykaz norm s. 148-154.
650 9 _aKonstrukcje murowe
_xprojekty
650 9 _aStatyka budowlana
650 9 _aStropy
_xprojekty
655 _aPodręczniki akademickie
830 0 _aPodręczniki Akademickie (Politechnika Łódzka)
020 _a8372831130 (cz. 2)
040 _cBPK
041 0 _apol
080 _a692.2+692.5].001.13/.14(075.8):624.04(075.8)
920 _a83-7283-113-0 (cz. 2)
942 _cKS
008 s pl f |000 0 pol
999 _c44367
_d44367
856 _uhttp://koha.tu.koszalin.pl/cgi-bin/koha/opac-detail.pl?biblionumber=44367
_yKatalog online BPK